|
|
|
|
| LEADER |
00763nab a2200205 i 4500 |
| 001 |
publ22664 |
| 005 |
20211015091831.0 |
| 008 |
211015s2021 hu o 0|| Magyar d |
| 022 |
|
|
|a 2062-5383
|
| 024 |
7 |
|
|a 32129722
|2 mtmt
|
| 040 |
|
|
|a SZTE Publicatio Repozitórium
|b hun
|
| 041 |
|
|
|a Magyar
|
| 100 |
1 |
|
|a Szél Erzsébet
|
| 245 |
1 |
0 |
|a Mentalizáció a gyászmunkában
|h [elektronikus dokumentum] /
|c Szél Erzsébet
|
| 260 |
|
|
|c 2021
|
| 300 |
|
|
|a 32-45
|
| 490 |
0 |
|
|a IMÁGÓ BUDAPEST: PSZICHOANALÍZIS TÁRSADALOM KULTÚRA
|v 10 No. 2
|
| 650 |
|
4 |
|a Pszichológia
|
| 856 |
4 |
0 |
|u http://publicatio.bibl.u-szeged.hu/22664/7/1a-Tartalom%20impr.pdf
|z Dokumentum-elérés
|
| 856 |
4 |
0 |
|u http://publicatio.bibl.u-szeged.hu/22664/1/Szl_Mentalizciagyszmunkban.pdf
|z Dokumentum-elérés
|